000 01565nab a2200253 i 4500
003 BR-BrBNA
005 20250514113446.0
008 250514b2017 bl.qr|pooa||| 00| 0 por |
040 _aBR-BrBNA
_bpor
072 _aF70
100 _aHall, Climbiê Ferreira
100 _aMeirelles, Julia
100 _aFiaschi, Pedro
245 _aFlora das cangas da Serra dos Carajás, Pará, Brasil: Oxalidaceae
500 _aPublicação on-line; 12 ref.; 2 illus.; Summaries (En, Pt)
520 _a Resumo Apresentamos o tratamento taxonômico de Oxalidaceae para as cangas da Serra dos Carajás (Pará, Brasil). Foram registradas duas espécies: Oxalis barrelieri e O. mucronulata. São apresentadas descrições, comentários e ilustrações das espécies. Palavras-chave: FLONA Carajás, taxonomia, Oxalis. Abstract We present the taxonomic treatment of Oxalidaceae for the cangas of Serra dos Carajás (Pará state, Brazil). Two species were recorded: Oxalis barrelieri and O. mucronulata. Descriptions, comments and illustrations of the species are presented. Key words: FLONA Carajás, taxonomy, Oxalis.
650 _aCARAJÁS
650 _aTAXONOMIA
650 _aOXALIDACEAE
773 0 _0709
_9350025
_dRio de Janeiro-RJ Jardim Botanico do Rio de Janeiro 1935
_o2025-2634
_tRodriguésia (Brazil)
_x0370-6583; 2175-7860 on-line
_gv. 68(3 special number) p. 1067-1071; (2017)
_wBR2025000961
856 _uhttps://www.scielo.br/j/rod/a/J5YzwRDZtxyrSLB8DjphHnw/?format=pdf&lang=pt
942 _cANA
999 _c331495
_d331495